[Event "FRA-ch op-B"]
[Site "Nancy"]
[Date "2013.08.18"]
[Round "6"]
[White "Moullier, Igor"]
[Black "Abdesselem, Ahmed"]
[Result "1-0"]
[WhiteElo "1936"]
[BlackElo "1864"]
[PlyCount "77"]
[EventDate "2013.08.11"]
[EventType "swiss"]
[EventRounds "11"]
[EventCountry "FRA"]
[SourceTitle "CBM 156 Extra"]
[Source "ChessBase"]
[SourceDate "2013.10.22"]
[SourceVersion "1"]
[SourceVersionDate "2013.10.22"]
[SourceQuality "1"]

1. c4 Nf6 2. g3 g6 3. Bg2 Bg7 4. Nc3 0-0 5. e4 c6 6. Nge2 d6 7. 0-0 Nbd7 8. d3 e5 9. h3 a5 10. Be3 Qe7 11. Qd2 Nc5 12. f4 b6 13. Rae1 Rd8 14. g4 Bb7 15. Ng3 Nfd7 16. f5 f6 17. h4 Nf8 18. g5 Bc8 19. Re2 Ra7 20. Ref2 Nfd7 21. Bh3 Rf8 22. Rg2 Qe8 23. Qe2 Rf7 24. Bg4 Nf8 25. Rf3 Rab7 26. Qf1 Qd8 27. Rgf2 Bh8 28. Bc1 Qc7 29. Qh3 Ncd7 30. fxg6 hxg6 31. h5 Rh7 32. Be6+ Nxe6 33. Qxe6+ Kf8 34. hxg6 Re7 35. Qh3 Bg7 36. Nf5 Nc5 37. gxf6 Bxf6 38. Qh6+ Ke8 39. Nxe7 1-0

[Event "FRA-ch op-B"]
[Site "Nancy"]
[Date "2013.08.16"]
[Round "5"]
[White "Abdesselem, Ahmed"]
[Black "Roussel, Glenn"]
[Result "1-0"]
[WhiteElo "1864"]
[BlackElo "1926"]
[PlyCount "208"]
[EventDate "2013.08.11"]
[EventType "swiss"]
[EventRounds "11"]
[EventCountry "FRA"]
[SourceTitle "CBM 156 Extra"]
[Source "ChessBase"]
[SourceDate "2013.10.22"]
[SourceVersion "1"]
[SourceVersionDate "2013.10.22"]
[SourceQuality "1"]

1. e4 c5 2. Nf3 a6 3. Be2 b5 4. a4 b4 5. c3 Bb7 6. d3 e6 7. 0-0 Be7 8. e5 d6 9. d4 Nc6 10. cxb4 cxb4 11. Be3 dxe5 12. dxe5 Qc7 13. Qc1 Rc8 14. Bf4 h6 15. Nbd2 g5 16. Bg3 g4 17. Nh4 Qd8 18. Nc4 Nd4 19. Qd1 Nxe2+ 20. Qxe2 Rxc4 21. Qxc4 Bxh4 22. Bxh4 Qxh4 23. Qc7 Bd5 24. Rac1 Qd8 25. Qa7 a5 26. Rc7 Ne7 27. Rfc1 Nc6 28. Qb6 0-0 29. R7xc6 Bxc6 30. Qxc6 Qd4 31. Qc4 Rd8 32. g3 Kf8 33. Qc5+ Qxc5 34. Rxc5 Rd5 35. Rxd5 exd5 36. f4 gxf3 37. Kf2 Ke7 38. Kxf3 Ke6 39. Kf4 h5 40. h3 b3 41. g4 hxg4 42. hxg4 d4 43. Ke4 d3 44. Kxd3 Kxe5 45. Kc4 Kf4 46. Kb5 Kxg4 47. Kxa5 f5 48. Kb4 f4 49. a5 f3 50. a6 f2 51. a7 f1Q 52. a8Q Qd3 53. Qg8+ Kh5 54. Qxb3 Qd4+ 55. Ka3 Kg6 56. Qb7 Kf5 57. b4 Qa1+ 58. Kb3 Qd1+ 59. Kc4 Qe2+ 60. Kc5 Qe3+ 61. Kb5 Qd3+ 62. Kb6 Qe3+ 63. Kc7 Qe7+ 64. Kb8 Qe5+ 65. Ka7 Qa1+ 66. Qa6 Qd4+ 67. Qb6 Qd7+ 68. Kb8 Qe8+ 69. Kb7 Qd7+ 70. Ka6 Qc8+ 71. Qb7 Qc6+ 72. Qb6 Qc8+ 73. Ka5 Qa8+ 74. Kb5 Qe8+ 75. Qc6 Qb8+ 76. Kc5 Qa7+ 77. Kc4 Qa2+ 78. Kb5 Qe2+ 79. Kb6 Qh2 80. b5 Qb8+ 81. Ka6 Qg8 82. b6 Qa2+ 83. Kb7 Ke5 84. Kb8 Kf4 85. b7 Qg8+ 86. Qc8 Qb3 87. Qc6 Qg8+ 88. Kc7 Qg7+ 89. Kb6 Qb2+ 90. Qb5 Qd4+ 91. Ka5 Qd8+ 92. Ka4 Qd1+ 93. Qb3 Qa1+ 94. Kb4 Qe1+ 95. Kc5 Qe7+ 96. Kb6 Qd8+ 97. Ka6 Qd6+ 98. Qb6 Qa3+ 99. Qa5 Qd6+ 100. Ka7 Qd7 101. Qb4+ Kg3 102. Qc4 Qe7 103. Qd3+ Kh4 104. Ka8 Qd8+ 1-0